Vidhyapathi Padavali (Record no. 48344)

MARC details
000 -LEADER
fixed length control field 00395nam a2200133Ia 4500
008 - FIXED-LENGTH DATA ELEMENTS--GENERAL INFORMATION
fixed length control field 211109s9999||||xx |||||||||||||| ||und||
082 ## - DEWEY DECIMAL CLASSIFICATION NUMBER
Classification number 891.433
Item number BHA-V
100 ## - MAIN ENTRY--PERSONAL NAME
Personal name Bhatti, Deshrajsingh
245 #0 - TITLE STATEMENT
Title Vidhyapathi Padavali
260 ## - PUBLICATION, DISTRIBUTION, ETC.
Name of publisher, distributor, etc. Vinode Pustaka Manthir
Place of publication, distribution, etc. Agra
Date of publication, distribution, etc. 2013
630 ## - SUBJECT ADDED ENTRY--UNIFORM TITLE
General subdivision General stack
650 ## - SUBJECT ADDED ENTRY--TOPICAL TERM
Topical term or geographic name entry element Hindi literature
942 ## - ADDED ENTRY ELEMENTS (KOHA)
Koha item type BOOK
650 ## - SUBJECT ADDED ENTRY--TOPICAL TERM
Form subdivision Hindi fiction
General subdivision Literature & rhetoricGeneralia
Holdings
Withdrawn status Lost status Source of classification or shelving scheme Damaged status Not for loan Home library Current library Date acquired Cost, normal purchase price Full call number Barcode Shelving location Date last seen Price effective from Koha item type
    Dewey Decimal Classification     SB LIBRARY SB LIBRARY 09/11/2021 80.00 891.434 BHA-V 00090447 GENERAL STACK 09/11/2021 09/11/2021 BOOK

Powered by Koha